01437nab a22002777a 4500999001500000003000400015005001700019008004100036040000700077100003500084245012500119260007200244300001300316500003800329505032400367505008900691650002600780650003000806650003100836650003200867650004500899650003300944650003000977773013901007942001301146 c5935d5935OSt20260114011041.0190605e xxu||||| |||| 00| 0 spa d cPJ 96169aMosquera, Gerardo Raúl10aResponsabilidad penal por lesiones derivadas de factores y riesgos psicosociales del trabajo /cGerardo Raúl Mosquera. aCiudad Autónoma de Buenos Aires :bThomson Reuters La Ley,c2024. ap. 53-72 aCita: TR LALEY AR/DOC/263/2024.  aSumario: I. Introducción.— II. Responsabilidad penal por lesiones derivadas de riesgos psicosociales.— III. El dolo y la culpa penal.— IV. Los deberes y obligaciones de seguridad del empleador.— V. La situación en el derecho comparado.— VI. Algunos antecedentes en el derecho local.— VII. Conclusiones.  t¿Te interesa el texto completo? Solicitalo al correo: koha@justierradelfuego.gov.ar 091316aDERECHO LABORAL 091430aRIESGOS DEL TRABAJO 094942aCOMISIONES MÉDICAS 091417aACCIDENTES DE TRABAJO 095144aASEGURADOR POR RIESGOS DEL TRABAJO 091405aENFERMEDAD PROFESIONAL 091406aINCAPACIDAD LABORAL0 0271193168dCiudad Autónoma de Buenos Aires : Thomson Reuters La Ley, 1999-2002.tRevista de derecho del trabajo. Nº 2 - Marzo 2024 2udccANA